000 04601nam a22004817a 4500
005 2011010708388.0
010 _aB-419200-221
020 _a9788177586435
_c510.00
035 _aB-419200-221
037 _bUBH
082 _a621.3815
100 _aFloyd, Thomas L.
_925249
245 _aElectronic devices /
_cby Thomas L. Floyd
250 _a7th ed.
260 _aDelhi
_bPearson Educations
_c2009
270 _a482 FIF, Patparganj
_bDelhi
_e110092
300 _axiii, 635p.
_c30cm(pbk)
500 _aIncludes glossary and index
942 _2ddc
_cEN
_mFLO
_h621.3815
999 _c35793
_d35793